Development of the statistical methods for x-ray detector characterization to use in CT; Изотопы: технологии, материалы и применение

Bibliographic Details
Parent link:Изотопы: технологии, материалы и применение.— 2020.— С. 107-108
Other Authors: Filatov N. A. Nikolay Alexandrovich (научный руководитель), Gogolev A. S. Aleksey Sergeevich, Chistyakov S. G. Sergey Gennadevich, Alekseev N. V.
Summary:Заглавие с титульного экрана
Language:English
Published: 2020
Series:Изотопы в биологии, медицине и экологии
Subjects:
Online Access:http://earchive.tpu.ru/handle/11683/64002
Format: MixedMaterials Electronic Book Chapter
KOHA link:https://koha.lib.tpu.ru/cgi-bin/koha/opac-detail.pl?biblionumber=632419

MARC

LEADER 00000naa2a2200000 4500
001 632419
005 20260318100100.0
035 |a (RuTPU)RU\TPU\conf\34127 
035 |a RU\TPU\conf\34110 
090 |a 632419 
100 |a 20201123d2020 k y0rusy50 ba 
101 0 |a eng 
102 |a RU 
135 |a drgn ---uucaa 
181 0 |a i  
182 0 |a b 
200 1 |a Development of the statistical methods for x-ray detector characterization to use in CT  |f N. A. Filatov, A. S. Gogolev, S. G. Chistyakov, N. V. Alekseev  |g sci. adv. A. S. Gogolev 
203 |a Текст  |c электронный 
225 1 |a Изотопы в биологии, медицине и экологии 
300 |a Заглавие с титульного экрана 
320 |a [Библиогр.: с. 108 (1 назв.)] 
463 1 |0 (RuTPU)RU\TPU\conf\34043  |t Изотопы: технологии, материалы и применение  |o сборник тезисов докладов VI Международной научной конференции молодых ученых, аспирантов и студентов, г. Томск, 26-29 октября 2020 г.  |f Национальный исследовательский Томский политехнический университет (ТПУ)  |v С. 107-108  |d 2020 
610 1 |a электронный ресурс 
610 1 |a труды учёных ТПУ 
610 1 |a статистические методы 
610 1 |a характеристики 
610 1 |a детекторы 
610 1 |a рентгеновские излучения 
610 1 |a рентгеновская томография 
701 1 |a Filatov  |b N. A.  |c Specialist in the field of automatic control  |c Engineer of Tomsk Polytechnic University  |f 1983-  |g Nikolay Alexandrovich  |3 (RuTPU)RU\TPU\pers\40863  |9 21352 
701 1 |a Gogolev  |b A. S.  |c physicist  |c associate professor of Tomsk Polytechnic University, Candidate of physical and mathematical sciences  |f 1983-  |g Aleksey Sergeevich  |3 (RuTPU)RU\TPU\pers\31537  |9 15698 
701 1 |a Chistyakov  |b S. G.  |c Specialist in the field of automatic control  |c Engineer of Tomsk Polytechnic University  |f 1978-  |g Sergey Gennadevich  |3 (RuTPU)RU\TPU\pers\45878  |9 22013 
701 1 |a Alekseev  |b N. V. 
702 1 |a Gogolev  |b A. S.  |c physicist  |c associate professor of Tomsk Polytechnic University  |f 1983-  |g Aleksey Sergeevich  |4 727 
801 2 |a RU  |b 63413507  |c 20201209  |g RCR 
856 4 0 |u http://earchive.tpu.ru/handle/11683/64002  |z http://earchive.tpu.ru/handle/11683/64002 
942 |c CF